| 000 | 01174njm a22002657a 4500 | ||
|---|---|---|---|
| 005 | 20100830143451.0 | ||
| 007 | sd ammalaaahaa | ||
| 008 | 100830t xxu||||| |||| 00| 0 hin d | ||
| 028 |
_aN. 15916 _bHis Master's Voice |
||
| 028 |
_aOJR. 755 _bHis Master's Voice |
||
| 028 |
_aOJR. 756 _bHis Master's Voice |
||
| 035 | _aGR-274 | ||
| 040 | _aSED/VEN | ||
| 100 |
_917458 _aKhansaheb Bahidkhan |
||
| 245 |
_aInstrumental sitar gat toda piloo part 1 / _cby Khansaheb Bahidkhan _h[Sound recording] : _b |
||
| 246 | _aइन्स्त्रुमेंतल सितार गत तोडा पीलू (खानसाहेब बहिदखान) | ||
| 260 |
_aDum Dum, India _bHis Master Voice |
||
| 300 |
_a1 Sound disc [Gramophone Record] : _banlog, 33 1/3 rpm _c10 in (LP) _fGramophone Records |
||
| 500 | _aBrief record | ||
| 505 | _aInstrumental sitar gat toda khamaj (इन्स्त्रुमेंतल सितार गत तोडा खमाज) भाग 2 | ||
| 650 |
_aClasical music _91186 _zIndia _xExcerpts |
||
| 700 | _917459 | ||
| 942 |
_2ddc _cGR |
||
| 999 |
_c43325 _d43325 |
||